000
00265nam a22001217a 4500
008
180911b xxu||||| |||| 00| 0 eng d
041
_a
eng
080
_a
541
100
_a
12
101
_a
KIM
245
_a
The book Popular Science
_c
Coyle.d.c
942
_2
udc
_c
BK
999
_c
47660
_d
47660